बर्फीले हिरन : (Record no. 113065)

MARC details
000 -LEADER
fixed length control field 01275nam a22002537a 4500
005 - DATE AND TIME OF LATEST TRANSACTION
control field 20170124102947.0
010 ## - LIBRARY OF CONGRESS CONTROL NUMBER
LC control number A-695576
020 ## - INTERNATIONAL STANDARD BOOK NUMBER
Terms of availability 130.00
International Standard Book Number 8185720002
035 ## - SYSTEM CONTROL NUMBER
System control number A-695576
037 ## - SOURCE OF ACQUISITION
Source of stock number/acquisition Cen Lib/Ret
040 ## - CATALOGING SOURCE
Original cataloging agency DPL
Language of cataloging HN
082 ## - DEWEY DECIMAL CLASSIFICATION NUMBER
Classification number 821
Item number बर्फीले
245 ## - TITLE STATEMENT
Title बर्फीले हिरन :
Statement of responsibility, etc संपादक चंद्रप्रकाश प्रभाकर
Remainder of title बीसवी सदी की प्रतिनिधि बामी कविता-यात्रा /
246 ## - VARYING FORM OF TITLE
Title proper/short title Barfile hiran : beesvi sadi ki pratinidhi barma kavita-yatra /
Remainder of title sampadak Chandraprakash Prabhakar
260 ## - PUBLICATION, DISTRIBUTION, ETC. (IMPRINT)
Place of publication, distribution, etc नई दिल्ली
Name of publisher, distributor, etc इरावदी पब्लिकेशन्स
Date of publication, distribution, etc 1993
270 ## - ADDRESS
City नई दिल्ली
Address सी-487, विकासपुरी
Postal code 110018
300 ## - PHYSICAL DESCRIPTION
Extent 251पृ.
Dimensions 21सेमी(सजिल्द)
650 ## - SUBJECT ADDED ENTRY--TOPICAL TERM
Topical term or geographic name as entry element हिंदी साहित्य
9 (RLIN) 50450
650 ## - SUBJECT ADDED ENTRY--TOPICAL TERM
Topical term or geographic name as entry element हिंदी साहित्य -- कविता
9 (RLIN) 50451
650 ## - SUBJECT ADDED ENTRY--TOPICAL TERM
Topical term or geographic name as entry element Hindi literature
9 (RLIN) 50452
650 ## - SUBJECT ADDED ENTRY--TOPICAL TERM
Topical term or geographic name as entry element Hindi literature -- Poetry
9 (RLIN) 50453
700 ## - ADDED ENTRY--PERSONAL NAME
Personal name प्रभाकर, चंद्रप्रकाश
9 (RLIN) 42819
942 ## - ADDED ENTRY ELEMENTS (KOHA)
Source of classification or shelving scheme Dewey Decimal Classification
Koha item type Hindi Books
Classification part 821
Call number suffix बर्फीले
Holdings
Withdrawn status Lost status Damaged status Not for loan Home library Current library Date acquired Source of acquisition Cost, normal purchase price Total Checkouts Full call number Barcode Date last seen Copy number Cost, replacement price Price effective from Koha item type
        Central Library Central Library 11/08/2015 Cen Lib/Ret 130.00   821 बर्फीले A-695576 11/08/2015 1 130.00 11/08/2015 Hindi Books

© Delhi Public Library
Hit Counter
free hit counter